000 00521nam a2200157Ia 4500
008 230907s9999||||xx |||||||||||||| ||und||
082 _a697.9395491
_bABD
100 _aAbdul Samad Farooq (00000119045)
_9116361
245 0 _aDesign of solar energy based air-conditioning system for climate conditions of Pakistan /
260 _aUSPCAS-E, NUST,
_bIslamabad :
_c2017
300 _axii, 84 p. :
520 _aTH-80
650 _aMS-TEE Thesis MS Thesis
_9116362
700 _aDr Muhammad Bilal Sajid
942 _cTHE
_2ddc
999 _c601759
_d601759